HR akkor és most, avagy honnan indult és hova jutott az Emberi Erőforrás Menedzsment

Bibliographic Details
Main Author: Imre Ildikó
Other Authors: Németh Dr. Tamás
Format: Project work
Kulcsszavak:Emberi erőforrás
Emberi erőforrás területei
Emberi erőforrás új tendenciái
Online Access:http://dolgozattar.uni-bge.hu/9124

MARC

LEADER 00000nnm a2200000 i 4500
001 dolg9124
005 20161216120013.0
008 161216suuuu hu o 000 hun d
040 |a BGE Dolgozattár Repozitórium  |b hun 
041 |a hu 
100 1 |a Imre Ildikó 
245 1 0 |a HR akkor és most, avagy honnan indult és hova jutott az Emberi Erőforrás Menedzsment  |c Imre Ildikó  |h [elektronikus dokumentum] 
516 |a Project_work 
695 |a Emberi erőforrás  
695 |a Emberi erőforrás területei 
695 |a Emberi erőforrás új tendenciái 
700 1 |a Németh Dr. Tamás  |e ths 
856 4 0 |u http://dolgozattar.uni-bge.hu/9124/1/Imre%20Ildik%C3%B3-HR%20akkor%20%C3%A9s%20most%2C%20avagy%20honnan%20indult%20%C3%A9s%20hova%20jutott%20az%20Emberi%20Er%C5%91forr%C3%A1s%20Menedzsment.pdf  |z Dokumentum-elérés 
856 4 0 |u http://dolgozattar.uni-bge.hu/9124/2/Imre%20Ildik%C3%B3-%20Titkos%C3%ADt%C3%A1si%20k%C3%A9relem.pdf  |z Dokumentum-elérés